| 000 | 01271cam a2200325 i 4500 | ||
|---|---|---|---|
| 001 | 17892054 | ||
| 003 | EG-ScBUE | ||
| 005 | 20240423134825.0 | ||
| 008 | 130919s2013 enk f b 001 0deng d | ||
| 020 | _a9781848851825 (pbk.) | ||
| 040 |
_aDLC _beng _erda _cDLC _dEG-ScBUE |
||
| 043 | _aa-ir--- | ||
| 082 | 0 | 4 |
_a955.0544092 _222 _bTAZ |
| 100 | 1 |
_aTazmini, Ghoncheh, _d1974- _eauthor. _939989 |
|
| 245 | 1 | 0 |
_aKhatami's Iran : _bthe Islamic Republic and the turbulent path to reform / _cGhoncheh Tazmini. |
| 250 | _aNew paperback edition. | ||
| 264 | 1 |
_aLondon ; _aNew York : _bI. B. Tauris, _c2013. |
|
| 300 |
_axiv, 206 pages ; _c22 cm |
||
| 336 |
_2rdacontent _atext _btxt |
||
| 337 |
_aunmediated _2rdamedia _bn |
||
| 338 |
_avolume _bnc _2rdacarrier |
||
| 504 | _aIncludes bibliographical references and index. | ||
| 505 | 0 | _aThe man behind the movement -- The ideas behind reform -- The Khatami way -- From slogan to practice -- Khatami and the world -- Obstacles to reform -- Khatami's revolution and beyond. | |
| 600 | 1 | 7 |
_aKhātamī, Muḥammad _xInfluence. _2BUEsh |
| 650 | 7 |
_aPresidents _zIran _vBiography. _2BUEsh |
|
| 651 | 7 |
_aIran _xPolitics and government _y1997- _2BUEsh _936239 |
|
| 653 |
_bBUSBOL _cMay2016 |
||
| 655 | _vReading book | ||
| 942 |
_2ddc _cBB |
||
| 999 |
_c21755 _d21727 |
||